00546nam a2200169 a 450000100100000000500170001000800410002702000150006804000250008310000320010824500470014025000120018726000350019930000200023495201050025499900170035900004417420201002045208.0140603s2011 dr 000 0 spa d a9993432038 aDO-SdBNPbspacBNPHU1 aEspinal, Juan Carlos93186510aBiografias patrias /cJuan Carlos Espinal. a2a. ed. aSanto Domingo :bArgos,c2011. a90 p. ;c26 cm. 0010718PDaGRbGRcCTd2014-06-03iLF1l0o p44174-10r2020-06-25w2020-06-25yLFPDZNo se presta c43663d43663